Database systems : an application-oriented approach

Αποθηκεύτηκε σε:
Λεπτομέρειες βιβλιογραφικής εγγραφής
Κύριος συγγραφέας: Kifer, M. (Michael) 1954-
Άλλοι συγγραφείς: Lewis, Philip M. 1931-, Bernstein, Arthur J.
Μορφή: Βιβλίο
Γλώσσα:English
Δημοσίευση: Boston : Pearson/Addison Wesley, c2005
Έκδοση:2nd ed.
Θέματα:
Ετικέτες: Προσθήκη ετικέτας
Δεν υπάρχουν, Καταχωρήστε ετικέτα πρώτοι!

MARC

LEADER 00000nam a2200000 i 4500
001 1/85120
008 050909s2005 eng d
020 |a 0-321-26983-7 
035 |l 10080196 
040 |a GR-MY-UA  |b gre  |e aacr 
041 0 |a eng 
082 0 |a 005.74  |2 (22) 
100 1 |a Kifer, M.  |q (Michael)  |d 1954- 
245 1 0 |a Database systems :  |b an application-oriented approach /  |c Michael Kifer, Arthur Bernstein, Phillip M. Lewis 
250 |a 2nd ed. 
260 |a Boston :   |b Pearson/Addison Wesley,   |c c2005 
300 |a xxi, 666 σ.;  |b εικ.;  |c 24 εκ. 
504 |a Περιλαμβάνει βιβλιογραφικές παραπομπές (σ. [639]-647) και ευρετήριο. 
650 0 0 |a Database management. 
650 0 0 |a Transaction systems (Computer systems) 
700 1 |a Lewis, Philip M.  |d 1931- 
700 1 |a Bernstein, Arthur J. 
852 |a INST  |b SYROS  |e 20050909  |h 005.74 KIF  |p 005500005305  |q 005500005305  |t BK  |y 0 
901 |a BIBL5-2005-3 
909 |a Ε  |b 117207 
920 |a ΔΙΕΥΡΥΝΣΗ  |b ΕΠΕΑΕΚ-ΤΜΣΠΣ  |y ΣΥΡΟΣ  |z 2004-10 
970 |a ΚΟΝΤΟΥ  |b ΠΑΡΑΣΚΕΥΗ  |z 2005/11/08